Los tesoros de las antiguas civilizaciones: Grecia
Guardat en:
| Autor principal: | |
|---|---|
| Format: | Llibre |
| Idioma: | espanyol |
| Publicat: |
Barcelona, España
RBA Libros
2007
|
| Matèries: | |
| Etiquetes: |
Afegir etiqueta
Sense etiquetes, Sigues el primer a etiquetar aquest registre!
|
MARC
| LEADER | 00000nam a2200000 a 4500 | ||
|---|---|---|---|
| 001 | UCI5533 | ||
| 003 | CL-VaPUC | ||
| 005 | 20240729132423.0 | ||
| 008 | 080404e20070000SP |||||||||||||||||spa|d | ||
| 999 | |c 329274 |d 329272 | ||
| 020 | |a 9788479010270 | ||
| 040 | |c Pontificia Universidad Católica de Valparaíso | ||
| 082 | 0 | 4 | |a 709.38 MAG 2007 |2 21 |
| 100 | |a Maggi, Stefano |e autor |9 557054 | ||
| 245 | 1 | 4 | |a Los tesoros de las antiguas civilizaciones: |b Grecia |
| 260 | |a Barcelona, España |b RBA Libros |c 2007 | ||
| 300 | |a 207 páginas | ||
| 583 | |a last modification |c 20080404 00:00:00 |k Rodrigo Vera | ||
| 650 | 0 | |a Arte griego antiguo |9 527966 | |
| 650 | 0 | |a Arte antiguo |z GRECIA |9 330766 | |
| 650 | 0 | |a Historia de Grecia |9 267917 | |
| 852 | |a BIBCUR | ||
| 942 | |c BK |2 ddc | ||
| 945 | |d 20080404 00:00:00 |a rbrito | ||
| 952 | |0 0 |1 0 |2 ddc |4 0 |6 709_380000000000000_MAG_2007 |7 0 |8 A |9 413653 |a BIBHIS |b BIBHIS |d 2019-11-22 |i 4423828 |o 709.38 MAG 2007 |p 4423828 |r 2025-01-20 |t 1 |w 2019-11-22 |y BK |k HIS | ||